Role of private sector in town development: a case study of pimpri chinchwad town (Record no. 414218)

000 -LEADER
fixed length control field 00385cam a22001097a 4500
008 - FIXED-LENGTH DATA ELEMENTS--GENERAL INFORMATION
fixed length control field 180718b1987 xxu||||| |||| 00| 0 eng d
082 ## - DEWEY DECIMAL CLASSIFICATION NUMBER
Classification number T2x5442 V819
100 ## - MAIN ENTRY--PERSONAL NAME
Personal name Virmani, Shaila
245 ## - TITLE STATEMENT
Title Role of private sector in town development: a case study of pimpri chinchwad town
Statement of responsibility, etc. by Shaila Virmani
260 ## - PUBLICATION, DISTRIBUTION, ETC.
Place of publication, distribution, etc. Bombay
Name of publisher, distributor, etc. Regional Centre For Urban & Environment Studies
Date of publication, distribution, etc. 1987
300 ## - PHYSICAL DESCRIPTION
Extent 96p
Holdings
Withdrawn status Lost status Damaged status Not for loan Permanent Location Current Location Date acquired Full call number Barcode Date last seen Price effective from Koha item type
        Indian Institute of Public Administration Indian Institute of Public Administration 2009-02-23 T2x5442 V819 D2140 2018-07-21 2018-07-21 D

Powered by Koha